|
|
|
|
| LEADER |
00813nam a2200205Ia 4500 |
| 001 |
159318 |
| 008 |
170722s9999 xx 000 0 und d |
| 020 |
|
|
|a 8176901539
|
| 100 |
|
|
|a Devadas, M. S.
|
| 245 |
|
|
|a Theranjedutha prabandhangal /
|
| 250 |
|
|
|a 2nd ed.
|
| 260 |
|
|
|a Thrissur :
|b Kerala Sahitya Akademi ,
|c 2008.
|
| 300 |
|
|
|a 222 p.
|
| 653 |
|
|
|a Collection of Poems
|
| 653 |
|
|
|a Malayalam Literature
|
| 923 |
|
|
|d 20081028
|n 2245
|
| 942 |
|
|
|c GEN
|
| 999 |
|
|
|c 138179
|d 138179
|
| 952 |
|
|
|0 0
|1 0
|4 0
|6 O_32GXN125_P8KRP81
|7 0
|8 KR
|9 195295
|a LIB
|b LIB
|d 2013-03-25
|e Mathrubhumi Books
|o O32:gxN125 P8(KR)-P8;1
|p 269483
|r 2017-08-12
|v 135.00
|w 2017-08-12
|y GEN
|
| 952 |
|
|
|0 0
|1 0
|4 0
|6 O_32GXN125_P8KRP81
|7 0
|9 195296
|a LIB
|b LIB
|d 2013-03-25
|e Mathrubhumi Books
|l 6
|o O32:gxN125 P8(KR)-P8;1
|p 269484
|r 2020-06-08
|s 2020-03-04
|v 135.00
|w 2017-08-12
|y GEN
|